Rozptýlená elektrárna dispečerské řízení decentrálních zdrojů energie přináší výhody jak provozovatelům těchto zdrojů, tak obchodníkům s elektřinou.

Jedným z aktuálnych trendov v energetike sú tzv. rozptýlené ale virtuálne elektrárne. Tento energetický systém je zložený z viac menších decentrálnych zdrojov elektriny umiestnených vo viacerých lokalitách s viac vývodami do rozvodnej siete. Výhody a nevýhody decentrálnych zdrojov elektriny.

Na minha lista:
Detalhes bibliográficos
Autor principal: Murár, Vlado
Formato: Capítulo de Livro
Idioma:tcheco
Assuntos:
Tags: Adicionar Tag
Sem tags, seja o primeiro a adicionar uma tag!

MARC

LEADER 00000naa a2200000 4500
001 0124371
005 20221107085252.4
041 0 |a cze 
044 |a CZ 
245 1 0 |a Rozptýlená elektrárna  |b dispečerské řízení decentrálních zdrojů energie přináší výhody jak provozovatelům těchto zdrojů, tak obchodníkům s elektřinou.  |c Vlado Murár 
520 |a Jedným z aktuálnych trendov v energetike sú tzv. rozptýlené ale virtuálne elektrárne. Tento energetický systém je zložený z viac menších decentrálnych zdrojov elektriny umiestnených vo viacerých lokalitách s viac vývodami do rozvodnej siete. Výhody a nevýhody decentrálnych zdrojov elektriny. 
610 2 0 |a elektrárne 
610 2 0 |a zdroje energetické 
610 2 0 |a zdroje energie 
610 2 0 |a efektívnosť ekonomická 
610 2 0 |a decentralizácia 
100 1 |a Murár, Vlado